Impacts of global change on tree physiology and forest ecosystems: proceedings of the International Conference on Impacts of Global Change on Tree Physiology and Forest Ecosystems,held on 26-29 Nov 1996, Wageningen, The Netherlands (Record no. 41553)

MARC details
000 -LEADER
fixed length control field 00492nam a2200109Ia 4500
082 ## - DEWEY DECIMAL CLASSIFICATION NUMBER
Classification number 581.1:635.055
Item number MOH
245 #0 - TITLE STATEMENT
Title Impacts of global change on tree physiology and forest ecosystems: proceedings of the International Conference on Impacts of Global Change on Tree Physiology and Forest Ecosystems,held on 26-29 Nov 1996, Wageningen, The Netherlands
260 ## - PUBLICATION, DISTRIBUTION, ETC. (IMPRINT)
Place of publication Dodrecht
Name of publisher Kluwer Academic pub
Year of publication 1997
700 ## - ADDED ENTRY--PERSONAL NAME
Personal name Mohren, G M J
942 ## - ADDED ENTRY ELEMENTS (KOHA)
Koha item type Books
Holdings
Withdrawn status Lost status Damaged status Not for loan Home library Current library Date acquired Cost, normal purchase price Full call number Accession Number Koha item type
        RRII Library RRII Library 16/12/2021 295.00 581.1:635.055 MOH 21839 Books